1660 1075 1546 1992 1463 1245 1546 1838 1483 1002 1704 1985 1342 1225 1398 1909 1594 1867 1166 1459 1630 1054 1431 1422 1443 1064 1771 1383 1647 1165 1631 1102 1057 1364 1828 1854 1527 1634 1800 1873 1481 1389 1986 1365 1380 1677 1604 1236 1749 1886 1423 1033 1647 1909 1724 1690 1718 1456 1852 1335 1351 1243 1791 1617 1079 1116 1241 1453 1818 1336 1143 1746 1104 1564 1022 1187 1911 1329 1909 1242 1449 1492 1508 1579 1307 1868 1941 1311 1816 1000 1774 1213 1618 1386 1489 1515 1987 1628 1953 BCNSPRNW ULIB Ver.6.0+V

เปลี่ยนเป็นภาษาไทย

Change to English
 แสดงรายละเอียดบรรณานุกรม
  กลับหน้าหลัก

Brief Record : Get Marc (ISO 2709) : E-mail record : QR code < ปิดหน้าต่าง
LEADER : 00000nam 2200000uu 4500
001    13399120101
003     ULIB
008    120830s2553||||th 000 0 tha d
020    ^a9749770706(ล.1)
060  4 ^aWY150^bซ166ก ล1
100 0  ^aชมนาด วรรณพรสิริ
245 00 ^aการพยาบาลผู้ใหญ่ เล่ม1/^cบรรณาธิการ:ชมนาด วรรณพรสิริ,วราภรณ์ สัตยวงศ์
250    ^aพิมพ์ครั้งที่ 3
260    ^aนนทบุรี:^bโครงการสวัสดิการวิชาการ สถาบันพระบรมราชชนก,^c2553
300    ^a345 หน้า:^bภาพประกอบ
650  7 ^aการพยาบาลโรคเฉพาะทาง
650  7 ^aการพยาบาลผู้ใหญ่
710 1  สถาบันพระบรมราชชนก.^bโครงการสวัสดิการวิชาการ
945    ^p320^l0^i19358
945    ^p320^l0^i19359
945    ^p320^l0^i19360
945    ^p320^l0^i19361
945    ^p320^l0^i19362
995    ^aทศพร
999    ^aทศพร เกษรทอง
รายการนี้ยังไม่มีแท็ก
คุณยังไม่ได้ล็อกอิน คุณสามารถมีกิจกรรมร่วมกับเว็บไซต์ได้ แต่ต้องล็อกอินก่อน ::
  ล็อกอิน

รายการสื่อสารสนเทศ

ลำดับที่ ประเภท เลขเรียก/บาร์โค้ด สถานที่ สถานะ
1. Book การพยาบาล
Book การพยาบาล
WY150 ซ166ก ล1 ฉ.1 
  Barcode: 19358
ห้องสมุดวิทยาเขตนครสวรรค์
►ส่วนจัดเก็บหนังสือเก่า นว.
บนชั้น
  ขอยืม
2. Book การพยาบาล
Book การพยาบาล
WY150 ซ166ก ล1 ฉ.2 
  Barcode: 19359
ห้องสมุดวิทยาเขตนครสวรรค์
►ส่วนจัดเก็บหนังสือเก่า นว.
บนชั้น
  ขอยืม
3. Book การพยาบาล
Book การพยาบาล
WY150 ซ166ก ล1 ฉ.3 
  Barcode: 19360
ห้องสมุดวิทยาเขตนครสวรรค์
►ส่วนจัดเก็บหนังสือเก่า นว.
บนชั้น
  ขอยืม
4. Book การพยาบาล
Book การพยาบาล
WY150 ซ166ก ล1 ฉ.4 
  Barcode: 19361
ห้องสมุดวิทยาเขตนครสวรรค์
►ส่วนจัดเก็บหนังสือเก่า นว.
บนชั้น
  ขอยืม
5. Book การพยาบาล
Book การพยาบาล
WY150 ซ166ก ล1 ฉ.5 
  Barcode: 19362
ห้องสมุดวิทยาเขตนครสวรรค์
►ส่วนจัดเก็บหนังสือเก่า นว.
บนชั้น
  ขอยืม

รายการใกล้เคียง
    ผู้แต่ง [ชมนาด วรรณพรสิริ]

    หัวเรื่อง [การพยาบาลโรคเฉพาะทาง]
    หัวเรื่อง [การพยาบาลผู้ใหญ่]

BibComment


ยังไม่เคยถูกคอมเมนท์

คอมเมนท์ทรัพยากรรายการนี้
  คอมเมนท์: การพยาบาลผู้ใหญ่..


 Copyright 2026. Bcnsprnw @Library